000 00452pab a2200157 454500
008 180718b2017 xxu||||| |||| 00| 0 eng d
100 _aJanakiram, Chandrashekar et al
245 _aEquity in oral healthcare in India: a review on health system analysis
260 _c2017
300 _ap.82-89.
362 _a4 Mar
650 _aHealth services - India
650 _aHealth services
773 _aEconomic and Political Weekly
909 _a114172
999 _c114166
_d114166